มุมมองปกติ
มุมมองแบบ MARC
- บำเหน็จบำนาญ
รายการ Topical Term
001 - CONTROL NUMBER
- control field: 55058
003 - CONTROL NUMBER IDENTIFIER
- control field: NALT
005 - DATE AND TIME OF LATEST TRANSACTION
- control field: 20211208142207.0
008 - FIXED-LENGTH DATA ELEMENTS
- fixed length control field: 211208|| aca||babn | a|a d
040 ## - CATALOGING SOURCE
- Original cataloging agency: NALT
150 ## - HEADING--TOPICAL TERM
- Topical term or geographic name entry element: บำเหน็จบำนาญ
- General subdivision: คู่มือ
